Statistiche per Riconosci il Calciatore - Quiz n°11

Clicka qui per fare il quiz!

Statistiche generali

  • Questo quiz è stato fatto 22 volte
  • Il punteggio medio è 12 su 16

Statistiche sulle risposte

IndizioRisposta% Corretto
NazionalitàBrasile
100%
RuoloDifensore
100%
Squadra di club 5Paris Saint-Germain 2012-2017
89%
Squadra di club 4Barcellona 2009-2012
84%
Squadra di club 3Inter 2006-2009
84%
Squadra di club 1Ajax 2001-2006
74%
Trofei per clubCoppa del Brasile: 1
Cruzeiro: 2000
Campionato olandese: 2
Ajax: 2001-2002, 2003-2004
Coppa dei Paesi Bassi: 2
Ajax: 2001-2002, 2005-2006
Supercoppa dei Paesi Bassi: 2
Ajax: 2002, 2005
Campionato italiano: 3
Inter: 2006-2007, 2007-2008, 2008-2009
Supercoppa italiana: 2
Inter: 2006, 2008
Campionato spagnolo: 2
Barcellona: 2009-2010, 2010-2011
Supercoppa di Spagna: 3
Barcellona: 2009, 2010, 2011
Campionato francese: 4
Paris Saint-Germain: 2012-2013, 2013-2014, 2014-2015, 2015-2016
Supercoppa francese: 4
Paris Saint-Germain: 2013, 2014, 2015, 2016
Coppa di Lega francese: 4
Paris Saint-Germain: 2013-2014, 2014-2015, 2015-2016, 2016-2017
Coppa di Francia: 3
Paris Saint-Germain: 2014-2015, 2015-2016, 2016-2017
UEFA Champions League: 1
Barcellona: 2010-2011
Supercoppa UEFA: 2
Barcellona: 2009, 2011
Coppa del mondo per club: 2
Barcellona: 2009, 2011
74%
Squadra di club 2Empoli 2006-2006
74%
Trofei per nazionali0
68%
Data di nascita27/08/1991
63%
Gol in nazionale0
58%
Presenze in nazionale10
58%
Altezza176 cm
58%
Peso74 kg
58%
Trofei individualiCalciatore dell'Eredivise dell'anno: 1
2004
Gouden Schoen: 1
2004
Trophées UNFP du football: 1
Squadra ideale della Ligue 1: 2013
58%
CalciatoreMaxwell
58%

Distribuzione punteggi

Percentile per numero di risposta

Percentuale di utenti per punteggio

I tuoi punteggi nel tempo

Non hai fatto questo quiz